000 00565nam a22001817a 4500
005 20251108164339.0
008 250721s1984 xx 000 0 ara d
082 1 4 _a691.3/تيل
100 1 _aتيلفورد، ثوماس
245 1 0 _aأعمال الخرسانه في الموقع /
264 1 _aعمان :
_bمكتبة الراتب،
_c1984.
300 _a79ص.
650 1 7 _aالخرسانة سابقة الإجهاد
650 1 7 _aمواد البناء
700 1 _aأبو زينه، أحمد رجائي
_eترجمة
942 _2ddc
_cBK
999 _c9913
_d9913